Statistics for Merged NHL Logos - Tile Select Version

Click here to take the quiz!

General Stats

  • This quiz has been taken 1,480 times
    (1,280 since last reset)
  • The average score is 140 of 160

Answer Stats

QuestionTileSelect% Correct
Buffalo
Sabres
No
98%
Calgary
Flames
No
98%
Columbus
Blue Jackets
No
98%
Minnesota
Wild
No
98%
New York
Islanders
No
98%
Tampa Bay
Lightning
No
98%
Carolina
Hurricanes
No
97%
Nashville
Predators
No
97%
Arizona
Coyotes
No
93%
Colorado
Avalanche
No
93%
New Jersey
Devils
No
93%
Washington
Capitals
No
93%
Winnipeg
Jets
No
93%
New Jersey
Devils
Yes
92%
Vancouver
Canucks
No
92%
Boston
Bruins
No
91%
Chicago
Blackhawks
No
91%
Edmonton
Oilers
No
91%
Los Angeles
Kings
No
91%
MInnesota
Wild
No
91%
New York
Rangers
No
91%
Ottawa
Senators
No
91%
St. Louis
Blues
No
91%
Calgary
Flames
No
90%
Calgary
Flames
Yes
90%
Chicago
Blackhawks
No
90%
Colorado
Avalanche
Yes
90%
Dallas
Stars
No
90%
Florida
Panthers
No
90%
Philadelphia
Flyers
No
90%
Philadelphia
Flyers
No
90%
Washington
Capitals
No
90%
Winnipeg
Jets
No
90%
Anaheim
Ducks
No
89%
Boston
Bruins
No
89%
Colorado
Avalanche
No
89%
Columbus
Blue Jackets
No
89%
Florida
Panthers
No
89%
Montreal
Canadiens
No
89%
Montreal
Canadiens
No
89%
New Jersey
Devils
No
89%
Pittsburgh
Penguins
No
89%
San Jose
Sharks
No
89%
San Jose
Sharks
No
89%
St. Louis
Blues
No
89%
Tampa Bay
Lightning
No
89%
Toronto
Maple Leafs
No
89%
Vegas
Golden Knights
No
89%
Anaheim
Ducks
No
88%
Boston
Bruins
No
88%
Boston
Bruins
No
88%
Buffalo
Sabres
No
88%
Carolina
Hurricanes
No
88%
Dallas
Stars
No
88%
Detroit
Red Wings
No
88%
Edmonton
Oilers
No
88%
Los Angeles
Kings
No
88%
Montreal
Canadiens
No
88%
Nashville
Predators
No
88%
New Jersey
Devils
No
88%
New York
Islanders
No
88%
New York
Rangers
No
88%
Ottawa
Senators
No
88%
Pittsburgh
Penguins
No
88%
San Jose
Sharks
Yes
88%
St. Louis
Blues
No
88%
Toronto
Maple Leafs
No
88%
Vegas
Golden Knights
No
88%
Arizona
Coyotes
No
87%
Boston
Bruins
No
87%
Buffalo
Sabres
No
87%
Calgary
Flames
No
87%
Calgary
Flames
No
87%
Carolina
Hurricanes
No
87%
Chicago
Blackhawks
No
87%
Colorado
Avalanche
No
87%
Colorado
Avalanche
No
87%
Columbus
Blue Jackets
No
87%
Dallas
Stars
No
87%
Detroit
Red Wings
No
87%
Detroit
Red Wings
No
87%
Edmonton
Oilers
No
87%
Edmonton
Oilers
No
87%
Florida
Panthers
No
87%
Los Angeles
Kings
No
87%
Los Angeles
Kings
No
87%
Minnesota
Wild
No
87%
Montreal
Canadiens
No
87%
New York
Islanders
No
87%
New York
Rangers
No
87%
New York
Rangers
No
87%
Ottawa
Senators
No
87%
Philadelphia
Flyers
No
87%
Pittsburgh
Penguins
No
87%
San Jose
Sharks
No
87%
San Jose
Sharks
No
87%
Tampa Bay
Lightning
No
87%
Toronto
Maple Leafs
Yes
87%
Toronto
Maple Leafs
No
87%
Vancouver
Canucks
No
87%
Vancouver
Canucks
No
87%
Washington
Capitals
No
87%
Winnipeg
Jets
No
87%
Winnipeg
Jets
Yes
87%
Winnipeg
Jets
No
87%
Anaheim
Ducks
No
86%
Arizona
Coyotes
No
86%
Arizona
Coyotes
No
86%
Carolina
Hurricanes
No
86%
Chicago
Blackhawks
No
86%
Chicago
Blackhawks
No
86%
Dallas
Stars
Yes
86%
Detroit
Red Wings
No
86%
Florida
Panthers
No
86%
Florida
Panthers
No
86%
Minnesota
Wild
No
86%
Nashville
Predators
No
86%
New Jersey
Devils
No
86%
New York
Islanders
No
86%
New York
Rangers
No
86%
Ottawa
Senators
No
86%
Philadelphia
Flyers
No
86%
Philadelphia
Flyers
No
86%
Pittsburgh
Penguins
No
86%
St. Louis
Blues
No
86%
Tampa Bay
Lightning
No
86%
Vancouver
Canucks
No
86%
Vancouver
Canucks
No
86%
Washington
Capitals
No
86%
Anaheim
Ducks
Yes
85%
Buffalo
Sabres
No
85%
Chicago
Blackhawks
Yes
85%
Edmonton
Oilers
Yes
85%
Minnesota
Wild
Yes
85%
Nashville
Predators
No
85%
Seattle
Kraken
Yes
85%
Vegas
Golden Knights
No
85%
Vegas
Golden Knights
No
85%
Arizona
Coyotes
Yes
84%
Columbus
Blue Jackets
No
84%
New York
Islanders
Yes
84%
St. Louis
Blues
Yes
84%
Tampa Bay
Lightning
Yes
84%
Vegas
Golden Knights
Yes
84%
Boston
Bruins
Yes
83%
Carolina
Hurricanes
Yes
83%
Columbus
Blue Jackets
Yes
83%
Montreal
Canadiens
Yes
83%
Ottawa
Senators
Yes
83%
Pittsburgh
Penguins
Yes
83%
Washington
Capitals
Yes
83%
Buffalo
Sabres
Yes
82%
Los Angeles
Kings
No
82%
Vancouver
Canucks
Yes
82%
Los Angeles
Kings
Yes
81%
Detroit
Red Wings
Yes
80%
Florida
Panthers
Yes
80%
Nashville
Predators
Yes
79%
New York
Rangers
Yes
78%
Philadelphia
Flyers
Yes
77%

Score Distribution

Percentile by Number Answered

Percent of People with Each Score

Your Score History

You have not taken this quiz since the last reset